Most Beautiful Countries in Europe - Statistics

General Stats
  • This quiz has been taken 1,113 times
    1,099 since last reset
  • The average score is 11 of 15
Answer Stats
Hint Rank Country % Correct
Home to the roman people 9 Italy
96%
The capital of this country is nicknamed the city of love 7 France
95%
Next to norway and half coastal 10 Sweden
93%
Very old and the birth place of mythology 11 Greece
92%
Hot deserts on the Iberian peninsula 6 Spain
92%
On an island with a beautiful capital next to England 14 Ireland
91%
Land-locked with a country-side to die for 2 Switzerland
91%
Lovely architechture among the highest alps 1 Austria
90%
Powerful union of great cities and beautiful wildlife 4 Germany
90%
Snowy far north mountainy country of coastal solitude 5 Norway
88%
Cold and up in the north south-east of Svalbard 15 Iceland
85%
Old kingdoms and castles with much cultural beauty 3 Portugal
70%
Old and powerful nation of many years coming through war 8 England
36%
Cold and almost completely un-known up in the far north 12 Svalbard
6%
Very populas and in eastern Europe 13 Ukraine / Russia
1%
No matching quizzes found
Score Distribution
Percent of People with Each Score
Percentile by Number Answered
Your Score History
You have not taken this quiz since the last reset